000
00261nam a22001097a 4500
041
_a
eng
080
_a
80
100
_a
Лисенко, Е.І.
245
_a
Новий німецько-українский словник.
650
_a
Reference
999
_c
282059
_d
282059
942
_c
BK